|
|
|
|
| LEADER |
00000nab a2200000 a 4500 |
| 001 |
vtls008415492 |
| 003 |
SK-MaSNL |
| 005 |
20260304145647.0 |
| 008 |
250505c2005 xo 0 slo |
| 015 |
|
|
|a SNBCL2005/5
|
| 035 |
|
|
|a SLK033533
|
| 035 |
|
|
|a urn:nbn:sk:snk-abw0o
|
| 035 |
|
|
|a (urnnbn)urn:nbn:sk:snk:ar-a0570c
|
| 035 |
|
|
|a (uuid)4c872244-7e73-472f-9f1e-f04f6b379f9a
|
| 040 |
|
|
|a SNKBUCL
|b slo
|c SNKBUCL
|e AACR2
|
| 041 |
0 |
|
|a slo
|
| 044 |
|
|
|a xo
|c SK
|
| 080 |
|
|
|a 616.988.55:616.411-006.441
|2 1981
|
| 100 |
1 |
|
|a Bajan, Anton,
|d 1927-2009
|4 adp
|9 117001
|
| 245 |
1 |
0 |
|a Charakteristiky Hodgkinovho lymfómu po infekčnej mononukleóze
|c A. Bajan
|
| 246 |
1 |
0 |
|a Charakteristics of Hodgkin's lymphoma after infections mononucleosis
|
| 500 |
|
|
|a Hjalgrim H. et al.: N. Engl. J. Med., 2003, č. 14, s. 1324-1332
|
| 650 |
0 |
7 |
|a infekčná mononukleóza
|2 MESH
|9 90759
|
| 650 |
0 |
7 |
|a Hodgkinova choroba
|2 MESH
|9 68587
|
| 650 |
0 |
7 |
|a Epstein Barrovej vírus
|2 MESH
|9 150616
|
| 773 |
0 |
|
|t Slovenský lekár
|g Roč. 15 (29), č. 3-4 (2005), s. 62
|x 1335-0234
|
| 850 |
|
|
|a Slovenská národná knižnica
|
| 852 |
|
|
|a Slovenská národná knižnica
|
| 954 |
|
|
|a odborná, vedecká literatúra pôvodná (slovenská)
|2 lita
|
| 958 |
|
|
|a article27
|
| 958 |
|
|
|a OND
|
| 958 |
|
|
|a EUIPO
|
| 999 |
|
|
|c 2936331
|d 2938261
|